00385nam a2200157Ia 4500008004100000041000800041082001700049100003200066245003700098250000800135260004400143300000800187365000700195520000700202650001800209230516s2003 xx 000 0 und d aeng a615bNAF/RAN aNAFISSI MEHDI, RANGAN JOHN  aMANUAL FOR PHARMACY TECHINICIANS a2ND bAMERICAN SOCIETY OF HEALTH SYSTEMc2003 a375 h20 aPH aPHARMACEUTICS